| 000 | 00463 a2200193 4500 | ||
|---|---|---|---|
| 005 | 20260224110641.0 | ||
| 008 | 260223b |||||||| |||| 00| 0 eng d | ||
| 020 |
_a9789388716956 _cRs. 995.00 |
||
| 040 | _aMAIN | ||
| 082 |
_a576 _bR14A |
||
| 100 | _aRao, N S Subba | ||
| 245 | _aAgricultural microbiology | ||
| 250 | _a3rd | ||
| 260 |
_bMedtech _c2020 _aNew Delhi |
||
| 300 | _axx, 591 | ||
| 650 | _aAgriculture | ||
| 650 | _aMicrobiology | ||
| 942 | _cBK | ||
| 999 |
_c395014 _d395014 |
||